...Ready For It? lyrics - Statistics

General Stats
  • This quiz has been taken 258 times
  • The average score is 375 of 426
Answer Stats
Lyrics % Correct
a
99%
I
99%
I,
99%
I-
99%
he
98%
are
97%
Are
97%
for
97%
the
97%
time
97%
was
97%
you
97%
be
96%
it?
96%
ready
96%
that
96%
an
95%
and
95%
And
95%
first
95%
him
95%
to
95%
me
94%
my
94%
saw
94%
so
94%
So
94%
then
94%
In
93%
in
93%
-ta
93%
do,
92%
go
92%
gon'
92%
killer
92%
of
92%
see
92%
this
92%
we
92%
gon'
91%
how
91%
never
91%
dreams,
90%
is
90%
middle
90%
night,
90%
night
90%
But
89%
but
89%
gonna
89%
No
89%
baby
88%
Baby,
88%
know
88%
should
88%
take
88%
you'll
88%
alone
87%
can
87%
has
87%
if
87%
I'm
87%
one
87%
things
87%
Touch
87%
with
87%
man,
86%
haunted
84%
Knew
84%
left
84%
down
83%
girls
83%
he's
82%
I'll
82%
island
82%
Island
82%
like
82%
Wonder
82%
ghost,
81%
many
81%
breeze
80%
had
80%
let
80%
Let
80%
lights
80%
low
80%
begin
79%
too
79%
all,
78%
games
77%
phantom,
76%
at
75%
boys
75%
don't
75%
Some,
75%
some
75%
Taylor
75%
try
75%
tryin'
74%
exes
73%
hard,
73%
now,
73%
now
73%
robber,
72%
sorry
72%
hearts
71%
act
70%
holdin'
70%
Oh,
70%
same
70%
saying
70%
though
70%
ransom
69%
Stealing
69%
than
69%
we'll
69%
forever,
68%
join
67%
keep
67%
move
67%
heist,
66%
loved
66%
thief,
66%
vendetta,
66%
Every
65%
nothing
65%
better,
64%
failure
64%
Younger
64%
their
63%
off
62%
very
61%
forget
60%
jailor,
60%
names
60%
running
60%
tame
58%
Burton
56%
comparison
56%
lover
54%
known
53%
just
25%
No matching quizzes found
Score Distribution
Percent of People with Each Score
Percentile by Number Answered
Your Score History
You have not taken this quiz